Entrepreneurship and small business management (Record no. 17908)
[ view plain ]
| 000 -LEADER | |
|---|---|
| fixed length control field | 00579nam a22002297a 4500 |
| 003 - CONTROL NUMBER IDENTIFIER | |
| control field | OSt |
| 005 - DATE AND TIME OF LATEST TRANSACTION | |
| control field | 20140311161020.0 |
| 008 - FIXED-LENGTH DATA ELEMENTS--GENERAL INFORMATION | |
| fixed length control field | 130206t xxu||||| |||| 00| 0 eng d |
| 020 ## - INTERNATIONAL STANDARD BOOK NUMBER | |
| International Standard Book Number | 978971235638 |
| 050 ## - LIBRARY OF CONGRESS CALL NUMBER | |
| Classification number | HD 62.7 |
| Item number | .M491 2010 |
| 100 ## - MAIN ENTRY--PERSONAL NAME | |
| Personal name | Medina, Robert G. |
| 245 ## - TITLE STATEMENT | |
| Title | Entrepreneurship and small business management |
| Statement of responsibility, etc | Roberto G. Medina |
| 260 ## - PUBLICATION, DISTRIBUTION, ETC. (IMPRINT) | |
| Place of publication, distribution, etc | Manila : |
| Name of publisher, distributor, etc | Rex Book Store, |
| Date of publication, distribution, etc | 2010. |
| 300 ## - PHYSICAL DESCRIPTION | |
| Extent | 350 p. : |
| Dimensions | 23 cm. |
| 521 ## - TARGET AUDIENCE NOTE | |
| Target audience note | |
| 562 ## - COPY AND VERSION IDENTIFICATION NOTE | |
| Number of copies | 1 |
| 942 ## - ADDED ENTRY ELEMENTS (KOHA) | |
| Source of classification or shelving scheme | Library of Congress Classification |
| Koha item type | Books |
| Call number prefix | Local |
| Withdrawn status | Lost status | Source of classification or shelving scheme | Damaged status | Home library | Current library | Shelving location | Date acquired | Total Checkouts | Full call number | Barcode | Date last seen | Date checked out | Copy number | Price effective from | Koha item type |
|---|---|---|---|---|---|---|---|---|---|---|---|---|---|---|---|
| Library of Congress Classification | College Library | College Library | General Circulation Section | 12/05/2013 | 1 | HD 62.7 .M491 2010 | C13421 | 10/25/2018 | 10/18/2018 | 2 | 12/05/2013 | Books | |||
| Library of Congress Classification | College Library | College Library | General Circulation Section | 12/05/2013 | HD 62.7 .M491 2010 | C12015 | 05/15/2018 | 4 | 12/05/2013 | Books |